| 000 | 01928nac a2200313 a 4500 | ||
|---|---|---|---|
| 003 | CO-PeBPM | ||
| 005 | 20260402092639.0 | ||
| 007 | ta | ||
| 008 | 260402s2024 ck |||| |||| 00| 0 spa d | ||
| 040 |
_aCO-PeBPM _bspa _cCO-PeBPM _erda |
||
| 041 | _aspa | ||
| 082 | 0 | 4 |
_aCo863 V152n _222 |
| 100 | 1 |
_aValencia, Cristian _eautor |
|
| 245 | 1 | 0 |
_aLos niños de la selva _b: Una novela basada en hechos reales _c/ Cristian Valencia |
| 250 | _a¨Primera edición | ||
| 264 |
_aBogotá, Colombia _b: Testigo Directo Editorial _c, 2024 |
||
| 300 |
_a188 páginas _c23 centimetros |
||
| 336 |
_2rdacontent _atexto _btxt |
||
| 337 |
_2rdamedia _asin mediación _bn |
||
| 338 |
_2rdacarrier _avolumen _bnc |
||
| 500 | _aContiene datos biográficos del autor en la solapa del texto | ||
| 520 | _aEl 1 de mayo de 2023 una avioneta Cessna se fue a pique en la tupida selva Amazónica colombiana, cuando cubría la ruta de Araracuara a San José del Guaviare. Los tres adultos que iban a bordo perdieron la vida de inmediato. Los cuatro niños del milenario pueblo uitoto sobrevivieron al impacto. Una niña de trece años estuvo a cargo de sus tres hermanitos menores, entre ellos una bebé de tan solo once meses a la que llamaban la Niña de las Estrellas desde que nació. Sobrevivieron gracias al hombre tigre, a la amistad de un mico, a que encontraron la forma de salir de misteriosos laberintos invisibles y de evitar improbables consejeros con formas de anacondas, dantas y yacarés. Cuarenta días después del accidente fueron rescatados sanos y salvos por un grupo conformado por militares expertos en selva y sabedores de muchas comunidades indígenas. | ||
| 650 | 1 | 7 |
_aLiteratura colombiana _2LEMB |
| 650 | 1 | 7 |
_aNovela colombiana _2LEMB |
| 650 | 1 | 7 |
_aSelva en la literatura colombiana _2LEMB |
| 650 | 1 | 7 |
_a Novela aventura _2LEMB |
| 942 |
_2ddc _n0 _cBK |
||
| 999 |
_c107284 _d107284 |
||